| 000 | 01123njm a2200313Ia 4500 | ||
|---|---|---|---|
| 001 | 40294 | ||
| 003 | IT-RoPAU | ||
| 005 | 20220918181145.0 | ||
| 008 | 131025s9999 xx 000 0 und d | ||
| 040 | _aIT-RoPAU | ||
| 040 | _cIT-RoPAU | ||
| 041 | _aINGLESE | ||
| 999 |
_c101562 _d101562 |
||
| 999 | _bn.d. | ||
| 100 |
_aEurythmics _99023 |
||
| 100 |
_eAutore musica _921081 |
||
| 100 |
_gCodice autore musica SPICS: 8026 _99025 |
||
| 245 | _aRevenge | ||
| 250 | _a1a ed. | ||
| 260 | _aNEW YORK | ||
| 260 |
_bRCA RECORDS _c1986 [1a Ed.:1986 - Ed. Lingua Orig.: 1986] |
||
| 300 | _aCOMPACT DISC | ||
| 300 | _c46 minuti (Testo: pag.) | ||
| 500 | _aCanzone inglese, Musica rock | ||
| 505 | _aMissionary Man - Thorn In My Side - When Tomorrow Comes - The Last Time - The Miracle of Love - Lets Go! - Take Your Pain Away - A Little of You - In This Town - I Remember You | ||
| 650 |
_aROCK [COMPACT DISC] _eCodice MATERIA SPICS: 9949 _921083 |
||
| 700 |
_aEurythmics _eAutore testo e musica _gCodice autore testo/musica SPICS: 8026 _921085 |
||
| 700 |
_aEurythmics _gCodice interprete SPICS: 8026 _eInterprete _921087 |
||
| 942 |
_cCD _2ddc |
||